| 000 | 02294nam0a22003611 4500 | ||
|---|---|---|---|
| 001 | rc\3963116 | ||
| 005 | 20260406095515.0 | ||
| 021 |
_aRU _b[56-3493] |
||
| 035 | _a(NLR Aleph) 008051304 | ||
| 090 |
_a8943407 _c8943407 |
||
| 100 | _a20130415d1956 u y0rusy50 ca | ||
| 101 | 0 | _arus | |
| 102 | _aRU | ||
| 105 | _aa z ||||| | ||
| 200 | 1 |
_aИзбранные труды по электричеству _fПод ред., [с предисл.] и с примеч. проф. Л.Д. Белькинда |
|
| 210 |
_aМосква _cГостехиздат _d1956 |
||
| 215 |
_a299 с. _cил. _d20 |
||
| 225 | 1 |
_aБиблиотека русской науки _iМатематика. Механика. Физика. Астрономия |
|
| 300 | _aПеред загл. авт.: В.В. Петров, Т. Гроттгус, Ф.Ф. Рейс и др. | ||
| 327 | 0 | _aВ прил.: Жизнь и творчество В.В. Петрова / А.А. Елисеев. Труды в области электричества В.В. Петрова, его учеников и современников в России / Я.А. Шнейберг | |
| 464 | 0 |
_12001#$aЖизнь и творчество В.В. Петрова _1700#1$aЕлисеев$bА.А. _tЖизнь и творчество В.В. Петрова _aЕлисеев, А.А. |
|
| 464 | 0 |
_12001#$aТруды в области электричества В.В. Петрова, его учеников и современников в России _1700#1$aШнейберг$bЯ.А. _tТруды в области электричества В.В. Петрова, его учеников и современников в России _aШнейберг, Я.А. |
|
| 606 |
_aЭлектричество _jСборники _2psbo |
||
| 701 | 1 |
_7ca _8rus _aРейсс _bФ. Ф. _f1778-1852 _gФердинанд Фридрих _3RU\NLR\AUTH\770287914 _92690496 |
|
| 701 | 1 |
_aГроттгус _bТ. |
|
| 701 | 1 |
_7ca _8rus _aПетров _bВ. В. _cфизик _f1761-1834 _gВасилий Владимирович _9209373 _3RU\NLR\AUTH\770209427 |
|
| 702 | 1 |
_aБелькинд _bЛ.Д. _gЛев Давидович _4340 _4212 _4080 |
|
| 801 | 0 |
_aRU _bNLR _gpsbo |
|
| 801 | 1 |
_aRU _bELAR _2rusmarc |
|
| 852 |
_aNLR _j57-3/498 |
||
| 942 | _cBOOK | ||
| 980 | _aNB | ||